The business of hotels /
Đã lưu trong:
| 主要作者: | |
|---|---|
| 格式: | 圖書 |
| 語言: | English |
| 出版: |
Oxford :
Butterworth-Heinemann,
2000.
|
| 版: | 4th ed. |
| 主題: | |
| 標簽: |
添加標簽
沒有標簽, 成為第一個標記此記錄!
|
| Thư viện lưu trữ: | Mạng thư viện Đại học Đà Nẵng |
|---|
| LEADER | 00825cam a2200325 i 4500 | ||
|---|---|---|---|
| 001 | 000046265 | ||
| 003 | 5724 | ||
| 005 | 20030320100754.0 | ||
| 008 | 010220|2000 vm 000 eng | ||
| 020 | |a 0750641150 (pbk.) | ||
| 040 | |a IRC |c IRC |d IRC | ||
| 041 | 0 | |a eng | |
| 082 | 1 | 4 | |a 647.94068 |b ME-S |
| 100 | 1 | |a Medlik, S. |q (Slavoj), |d 1928- | |
| 245 | 0 | 4 | |a The business of hotels / |c S. (Slavoj) Medlik. |
| 250 | |a 4th ed. | ||
| 260 | |a Oxford : |b Butterworth-Heinemann, |c 2000. | ||
| 300 | |a xviii, 222p. : |b ill. | ||
| 630 | 0 | 4 | |a Hotel management. |
| 650 | 0 | 4 | |a Hotel management. |
| OWN | |a DUT | ||
| 999 | |a From the UDN01 | ||
| TYP | |a Monograph | ||
| TYP | |a Printed language | ||
| 980 | |a Mạng thư viện Đại học Đà Nẵng | ||


